|
|
|
แสดงรายละเอียดบรรณานุกรม |
|
|
Brief Record
: Get Marc (ISO 2709)
: E-mail record
: |
| LEADER : 00000nam 2200000uu 4500 | |||
| 001 13399129190 | |||
| 003 ULIB | |||
| 008 260423s||||||||th 000 0 tha d | |||
| 020 ^a9786163211651 | |||
| 060 04 ^aQT100^bร326ส | |||
| 100 0 ^aรัชฎา แก่นสาร์ | |||
| 245 10 ^aสรีรวิทยา 1 /^cรัชฎา แก่นสาร์ | |||
| 250 ^aพิมพ์ครั้งที่ 5 | |||
| 260 ^aนนทบุรี :^bโครงการสวัสดิการวิชาการ สถาบันพระบรมราชชนก.^c2568 | |||
| 300 ^a406หน้า :^bภาพประกอบ ;^c26 ซม. | |||
| 500 ^aSend to Single Search | |||
| 650 2 ^aPhysiology | |||
| 650 4 ^aสรีรวิทยา | |||
| 710 2 ^aกระทรวงสาธารณสุข.^bสถาบันพระบรมมราชชนก. | |||
| 945 ^a^p320^l0^i20483 | |||
| 945 ^a^p320^l0^i20484 | |||
| 945 ^a^p320^l0^i20485 | |||
| 945 ^a^p320^l0^i20486 | |||
| 945 ^a^p320^l0^i20487 | |||
| 945 ^a^p320^l0^i20488 | |||
| 945 ^a^p320^l0^i20489 | |||
| 945 ^a^p320^l0^i20490 | |||
| 945 ^a^p320^l0^i20491 | |||
| 945 ^a^p320^l0^i20492 | |||
| 945 ^a^p320^l0^i20493 | |||
| 945 ^a^p320^l0^i20494 | |||
| 945 ^a^p320^l0^i20495 | |||
| 945 ^a^p320^l0^i20496 | |||
| 945 ^a^p320^l0^i20497 | |||
| 945 ^a^p320^l0^i20498 | |||
| 945 ^a^p320^l0^i20499 | |||
| 945 ^a^p320^l0^i20500 | |||
| 945 ^a^p320^l0^i20501 | |||
| 945 ^a^p320^l0^i20502 | |||
| 945 ^a^p320^l0^i20503 | |||
| 945 ^a^p320^l0^i20504 | |||
| 945 ^a^p320^l0^i20505 | |||
| 945 ^a^p320^l0^i20506 | |||
| 945 ^a^p320^l0^i20507 | |||
| 995 ^aกัณชพร | |||
| 999 ^aกัณชพร | |||
| คุณยังไม่ได้ล็อกอิน คุณสามารถมีกิจกรรมร่วมกับเว็บไซต์ได้ แต่ต้องล็อกอินก่อน :: |
|
รายการสื่อสารสนเทศ |
| สถานะ | |||||
| 1. | วิทยาศาสตร์การแพทย์ และสุขภาพ | QT100 ร326ส ฉ.1 Barcode: 30601 | ►หนังสือทั่วไป | บนชั้น | |
| 2. | วิทยาศาสตร์การแพทย์ และสุขภาพ | QT100 ร326ส ฉ.2 Barcode: 30602 | ►หนังสือทั่วไป | บนชั้น | |
| 3. | วิทยาศาสตร์การแพทย์ และสุขภาพ | QT100 ร326ส ฉ.3 Barcode: 30603 | ►หนังสือทั่วไป | บนชั้น | |
| 4. | วิทยาศาสตร์การแพทย์ และสุขภาพ | QT100 ร326ส ฉ.4 Barcode: 30604 | ►หนังสือทั่วไป | บนชั้น | |
| 5. | วิทยาศาสตร์การแพทย์ และสุขภาพ | QT100 ร326ส ฉ.5 Barcode: 30605 | ►หนังสือทั่วไป | บนชั้น | |
BibComment |
| คอมเมนท์ทรัพยากรรายการนี้ |
|
| |
Copyright 2026. Bcnsprnw @Library |
|